000 00694nam a2200205Ia 4500
003 GCL
008 140319s9999 xx 000 0 ara d
040 _aGCL /
_cGCL
082 0 4 _a157.7
_bش ع
100 1 _aموزة المالكى
245 1 0 _aعدوانية اقل: كيف تحول الغضب والعدوانية الى افعال ايجابية /
_cموزة المالكى
700 1 _aشتاين، ارنولد جولد
300 _a235 ص
490 _aالهيئة العامة للاستعلامات
_v0
650 0 4 _aعلم النفس
650 0 4 _aعلم النفس الاكلينيكى
650 0 4 _aالعدوانية
650 0 4 _aالاسترخاء
942 _2ddc
_cBK
999 _c49533
_d49533